000
00468nam a2200145Ia 4500
008
100204s9999 xx 000 0 und d
082
_b
14773
100
_a
शिरवळकर सुहास
245
_a
मधुचंद्र्र
260
_b
"बेलवलकर पब्लिशिंग कं, पुणे"
_c
1991
300
_a
279
630
_a
मधुचंद्र्र
730
_a
मधुचंद्र्र
942
_c
BOOK
999
_c
459204
_d
459201